| Tag |
First Indicator |
Second Indicator |
Subfields |
| LEADER |
00000cam a2200000 4500 |
| 001 |
in00002784895 |
| 005 |
20151202171857.0 |
| 008 |
700312s1969 dcuab b 000 0 eng |
| 010 |
|
|
|a 79605561
|
| 035 |
|
|
|a (OCoLC)ocm00059222
|
| 035 |
|
|
|a (OCoLC)59222
|
| 040 |
|
|
|a DLC
|c DLC
|d IAS
|d OCLCQ
|d BTCTA
|d OCLCG
|d OCLCQ
|d OCLCA
|d UtOrBLW
|
| 043 |
|
|
|a n-us-or
|a n-us-wa
|
| 049 |
|
|
|a TXAM
|
| 050 |
0 |
0 |
|a QE75
|b .P9 no. 383-C
|
| 051 |
|
|
|a GB1025.O7
|b N45
|c Copy 2.
|
| 082 |
0 |
0 |
|a 553/.79/097956
|
| 086 |
0 |
|
|a I 19.16:383-C
|
| 100 |
1 |
|
|a Newcomb, Reuben Clair,
|d 1909-1998.
|
| 245 |
1 |
0 |
|a Effect of tectonic structure on the occurrence of ground water in the basalt of the Columbia River Group of the Dalles area, Oregon and Washington /
|c by R.C. Newcomb.
|
| 264 |
|
1 |
|a Washington :
|b U.S. Govt. Print. Off,
|c 1969.
|
| 300 |
|
|
|a iii, 33 pages :
|b illustrations, maps (1 folded color in pocket) ;
|c 29 cm.
|
| 336 |
|
|
|a text
|b txt
|2 rdacontent
|
| 337 |
|
|
|a unmediated
|b n
|2 rdamedia
|
| 338 |
|
|
|a volume
|b nc
|2 rdacarrier
|
| 490 |
1 |
|
|a Hydrology of volcanic-rock terranes
|
| 490 |
1 |
|
|a Geological Survey professional paper 383-C
|
| 504 |
|
|
|a Bibliography: page 33.
|
| 650 |
|
0 |
|a Groundwater
|z Oregon.
|
| 650 |
|
0 |
|a Groundwater
|z Washington (State)
|
| 650 |
|
0 |
|a Geology
|z Oregon.
|
| 650 |
|
0 |
|a Geology
|z Washington (State)
|
| 830 |
|
0 |
|a Hydrology of volcanic-rock terranes.
|
| 830 |
|
0 |
|a Geological Survey professional paper ;
|v 383-C.
|
| 948 |
|
|
|a cataloged
|b h
|c 2012/12/14
|d c
|e mvaldespin
|f 01:22:56 pm
|
| 994 |
|
|
|a C0
|b TXA
|
| 999 |
|
|
|a MARS
|
| 999 |
f |
f |
|s 3b2348c7-8293-3b94-9d9a-a1392e7cc7d5
|i c5968bac-dde3-3add-898b-8ffa0818bb9f
|t 0
|
| 952 |
f |
f |
|p normal
|a Texas A&M University
|b College Station
|c Sterling C. Evans Library
|d Evans: US Documents (Annex 5th floor)
|t 0
|e I 19.16:382-A-385
|h Superintendent of Documents classification
|i unmediated -- volume
|m A14837789682
|
| 952 |
f |
f |
|a Texas A&M University
|b College Station
|c Sterling C. Evans Library
|d Evans: US Documents (Annex 5th floor)
|t 0
|e I 19.16:382-A-385
|h Superintendent of Documents classification
|
| 998 |
f |
f |
|a I 19.16:382-A-385
|t 0
|l Evans: US Documents (Annex 5th floor)
|